00418nam a2200145Ia 4500003000400000005001700004008004100021040002900062050002100091100003800112245005100150260003300201300000900234650002900243OSt20230314091623.0230222s9999||||xx |||||||||||||| ||und|| cChuka University Library aQD 504bO88 2000 aOtt,J.Bevan,Goates Boerio Juliana 0aChemical thermodynamics:advanced applications/ aLondonbAcademic Pressc2000 a438p a Chemical thermodynamics